LEADER 03293oas 22011053a 450 001 9910895954703321 005 20260127110553.0 011 $a1947-7872 035 $a(DE-599)ZDB2614810-9 035 $a(OCoLC)61147275 035 $a(CONSER) 2012273561 035 $a(CKB)110978978191474 035 $a(DE-599)2614810-9 035 $a(EXLCZ)99110978978191474 100 $a20050726b19742009 sa a 101 0 $aeng 135 $aurun||||||||| 181 $ctxt$2rdacontent 182 $cc$2rdamedia 183 $acr$2rdacarrier 200 10$aComputers in cardiology /$fNational Institutes of Health [and others] 210 $aLong Beach, Calif. $cIEEE Computer Society 300 $aAt head of title: Proceedings, <1988-1993> 311 08$a0276-6574 531 0 $aComput. cardiol. 606 $aCardiology$xData processing$vCongresses 606 $aPatient monitoring$xData processing$vCongresses 606 $aDiagnosis, Computer-Assisted 606 $aHeart Diseases$xdiagnosis 606 $aMan-Machine Systems 606 $aMonitoring, Physiologic 606 $aCardiology$xData processing$2fast$3(OCoLC)fst00847122 606 $aPatient monitoring$xData processing$2fast$3(OCoLC)fst01055020 606 $aCardiologie$xInformatique$vCongre?s 606 $aMonitorage (Soins hospitaliers)$xInformatique$vCongre?s 606 $aDiagnostics$xInformatique 606 $aSyste?mes homme-machine 606 $aMonitorage (Soins hospitaliers) 606 $a44.85 cardiology$3(NL-LeOCL)077596765$2bcl 608 $aPeriodicals.$2fast 608 $aConference papers and proceedings.$2fast 608 $aproceedings (reports)$2aat 608 $aCongresses (form)$2gtt 608 $aConference papers and proceedings.$2lcgft 608 $aActes de congre?s.$2rvmgf 615 0$aCardiology$xData processing 615 0$aPatient monitoring$xData processing 615 2$aDiagnosis, Computer-Assisted. 615 2$aHeart Diseases$xdiagnosis. 615 2$aMan-Machine Systems. 615 2$aMonitoring, Physiologic. 615 7$aCardiology$xData processing. 615 7$aPatient monitoring$xData processing. 615 6$aCardiologie$xInformatique 615 6$aMonitorage (Soins hospitaliers)$xInformatique 615 6$aDiagnostics$xInformatique. 615 6$aSyste?mes homme-machine. 615 6$aMonitorage (Soins hospitaliers) 615 7$a44.85 cardiology. 676 $a616.1 712 02$aNational Institutes of Health (U.S.) 712 02$aIEEE Computer Society 801 0$bOCLCS 801 1$bOCLCS 801 2$bOCLCS 801 2$bNTE 801 2$bTXJ 801 2$bOCLCQ 801 2$bOCLCE 801 2$bDLC 801 2$bOCLCQ 801 2$bDLC 801 2$bOCLCF 801 2$bOCL 801 2$bOCLCQ 801 2$bCOO 801 2$bREB 801 2$bOCLCO 801 2$bU3W 801 2$bOCLCO 801 2$bAU@ 801 2$bOCLCO 801 2$bWYU 801 2$bOCLCO 801 2$bAUD 801 2$bOCLCA 801 2$bOCL 801 2$bOCLCO 801 2$bOCLCA 801 2$bOCLCQ 801 2$bOCLCL 906 $aCONFERENCE 912 $a9910895954703321 996 $aComputers in cardiology$91895857 997 $aUNINA